000 02001cam a22004574i 4500
003 PE-LiUPU
005 20250731165412.0
008 151029s2002 pe a grm 000 0 spa d
035 _a(Sirsi) a155089
040 _aPE-LiUPU
_bspa
_cPE-LiUPU
_erda
099 _aTNH 2
_bQ44 2002
100 1 _aQuijaite Alfaro, Patricia Edith
_eautor
245 1 _aEvaluación nutricional aplicada a pacientes hemodializados del Hospital EsSalud "Felix Torrealva Gutiérrez" de la Ciudad de Ica durante los meses julio-agosto del 2002 /
_cPatricia Edith Quijaite Alfaro.
264 0 _c2002.
300 _a88 hojas
_c30 cm
336 _atext
_2rdacontent
337 _aunmediated
_2rdamedia
338 _avolume
_2rdacarrier
502 _a88 hojas
_c30 cm
504 _aIncluye referencias
520 3 _aEl presente trabajo de investigación se realizo en la Unidad de Diálisis del Hospital "Félix Torrealva Gutiérrez" Ica-Perú. El propósito de este trabajo fue determinar la efectividad de la evaluación Nutricional a pacientes hemodializados crónicos durante los meses de julio-agosto del 2002. A la vez tuvo como propósito alertar al personal de salud de este hospital, para ver lo importante que es mantener una evaluación periódica mensual a los pacientes para evitar que se depleten, y rehabilitar a los que padecen desnutrición debido a que se someten a hemodiálisis crónica durante periodos mayores a 2 meses.
526 _aSEG44
526 _aSEG26
526 _aP151
526 _aP150
526 _aP149
526 _aP146
526 _aP145
526 _aP126
526 _aP125
526 _aP92
526 _aP75
526 _aP74
526 _aP27
526 _aP15
650 0 4 _aHemodializados
_xNutrición.
650 0 4 _aNutrición
_xEvaluacion.
596 _a1
942 _2ddc
_cTESIS
999 _aTNH 2 Q44 2002
_wALPHANUM
_c7779
_iT00351
_lCCODEBUL3
_mBUL
_r1
_sY
_tTESIS
_u2015-10-29
_xSALUD
_PP31
_o.STAFF. Tesis
_d7779
980 _81
_gALBERTO SANCHEZ Responsable de Automatización